000 00786nam a2200241Ia 4500
003 OSt
005 20240829124420.0
008 220927b |||||||| |||| 00| 0 eng d
020 _cUSD 125.00
037 _b034, 08/01/2020, Excel Book International
_cTextual
040 _aSDCL
_cSDCL
_beng
041 _2eng
_aeng
082 _aX:(B) Q9
100 _aTsionas, Mike Ed.
_9476661
245 0 _aPanel data econometrics
_b Empirical applications
260 _aLondon
_bAcademic Press.
_c2019
300 _axxiii,405-988p.
650 _a Panel models
_9476662
650 _a Spatial panel analysis
_9476663
650 _aFinancial Studies
942 _hX:(B) Q9
_cTEXL
_2CC
999 _c789145
_d789145